000 01529nam1a2200301 i 4500
001 RU\NLR\bibl\1759154
005 20260407081011.0
035 _a(NLR Aleph) 001749978
090 _a1512690
_c1512690
100 _a20110414g20039999u y0rusy50 ca
101 0 _arus
102 _aRU
105 _a||||z |||||
200 1 _aФлора, растительность и растительные ресурсы Казахстана
_eбиблиографический указатель
_f[М-во образования и науки Респ. Казахстан], Центр. науч. б-ка
_g[сост.: В.К. Кузембаева]
210 _aАлматы
_cЦентральная научная библиотека
_d2003
215 _d21
463 0 _10011424928
606 1 _aРастительные ресурсы
_jБиблиография
_yКазахстан, Республика
_92588113
_3RU\NLR\auth\661529620
606 1 _aРастения
_jБиблиография
_yКазахстан, Республика
_92279662
_3RU\NLR\auth\661365886
686 _aП18(257К)я1
686 _aЕ585.9(257К)я1
702 1 _aКузембаева
_bВ. К.
_4220
712 0 1 _4070
_aРеспублика Казахстан
_bМинистерство образования и науки
_bЦентральная научная библиотека
_9582180
_3RU\NLR\AUTH\8810041432
801 0 _aRU
_bNLR
_c20110414
_gRCR
801 1 _aRU
_bNLR
_c20110414
852 _aNLR
_bС
_j2009-2/613
942 _cBOOK